[Event "4NCL Online Division 5"]
[Site "online"]
[Date "2021.10.05"]
[EventDate "2021.10.05"]
[Round "4.224"]
[White "Kelly, Adam"]
[WhiteElo "896"]
[WhiteTeam "Guildford Castles 3"]
[Black "O'Neill, Stephen G"]
[BlackElo "1385"]
[BlackTeam "War & Piece Banner"]
[Result "1/2-1/2"]
[PlyCount "143"]

1. d4 d5 2. c4 e6 3. Nc3 Nf6 4. Nf3 Bb4 5. e3 O-O 6. Bd3 Nbd7 7. O-O c5 8. a3 Ba5 9. cxd5 Nxd5 10. Bc2 Nxc3 11. bxc3 Bxc3 12. Qd3 Nf6 13. Qxc3 cxd4 14. Nxd4 b6 15. Rd1 Qe7 16. e4 e5 17. Nf5 Bxf5 18. exf5 Rac8 19. Qd2 Qc5 20. Bb3 Ne4 21. Qe3 Nc3 22. Qxc5 Rxc5 23. Re1 Rfc8 24. Bb2 Rb5 25. Bxc3 Rxc3 26. Red1 h6 27. Ba2 Rc2 28. Bd5 Rbb2 29. Rf1 Rd2 30. Be4 Kf8 31. g4 Rd4 32. Bb7 Rxg4+ 33. Kh1 Rf4 34. Bc8 Rfxf2 35. Rxf2 Rxf2 36. Kg1 Rf4 37. Rc1 Rf3 38. a4 Rf4 39. Ra1 e4 40. Kg2 e3 41. Ba6 Rxf5 42. Kg3 Ra5 43. Be2 g5 44. h3 Rf5 45. Rc1 Rc5 46. Rxc5 bxc5 47. Kf3 Ke7 48. Kxe3 Kd7 49. Kd3 Kc6 50. Kc4 a5 51. Bh5 f6 52. Bg6 Kb6 53. Bf7 Kc6 54. Bg6 Kd6 55. Kb5 c4 56. Kxa5 Kd5 57. Kb6 c3 58. a5 Ke5 59. a6 f5 60. a7 c2 61. a8=Q c1=Q 62. Qe8+ Kf4 63. Qa4+ Kf3 64. Qb3+ Qe3+ 65. Qxe3+ Kxe3 66. Bxf5 Kf4 67. Bd7 h5 68. Kc5 g4 69. hxg4 h4 70. g5 Kxg5 71. Bc8 h3 72. Bxh3 1/2-1/2

[Event "4NCL Online Division 5"]
[Site "online"]
[Date "2021.10.05"]
[EventDate "2021.10.05"]
[Round "4.231"]
[White "Evans, Daniel"]
[WhiteElo "1510"]
[WhiteTeam "Harrow 4"]
[Black "Constable, Christine F"]
[BlackElo "1415"]
[BlackTeam "Bude Surfers B"]
[Result "1-0"]
[PlyCount "165"]

1. e4 g6 2. d4 Bg7 3. c4 d6 4. Nc3 a6 5. f4 c5 6. d5 Nf6 7. Bd3 Bd7 8. a4 a5 9. Nf3 Bg4 10. h3 Bxf3 11. Qxf3 Nbd7 12. O-O O-O 13. Bd2 e5 14. g4 exf4 15. Bxf4 Ne8 16. Kg2 Ne5 17. Bxe5 Bxe5 18. Rh1 Qg5 19. Rad1 Ng7 20. h4 Qf4 21. Qxf4 Bxf4 22. Ne2 Be5 23. b3 h5 24. g5 Ne8 25. Ng1 Nc7 26. Nf3 Bg7 27. Rhe1 Rae8 28. Re2 Na6 29. Rde1 Bc3 30. Rc1 Bg7 31. Kg3 Nb4 32. Bb1 f5 33. gxf6 Bxf6 34. Ng5 Be5+ 35. Kg2 Rf4 36. Ne6 Rxh4 37. Rf1 Rg4+ 38. Kh3 Rg3+ 39. Kh4 Rg4+ 40. Kh3 g5 41. Ref2 Rg3+ 42. Kh2 Rxb3+ 43. Kg1 Rg3+ 44. Kh1 Rh3+ 45. Kg1 Bd4 46. Nxd4 cxd4 47. Rf5 g4 48. Rg5+ Kh7 49. e5+ Kh8 50. Rf6 Rg3+ 51. Kf2 Rf3+ 52. Rxf3 gxf3 53. Rxh5+ Kg7 54. Rh7+ Kf8 55. exd6 d3 56. Rh8+ Kf7 57. Rxe8 Kxe8 58. Kxf3 Kd7 59. Ke3 Kxd6 60. Bxd3 Nxd3 61. Kxd3 b6 62. Kd4 Kd7 63. Ke5 Ke7 64. d6+ Kd7 65. Kd5 Kd8 66. Kc6 Kc8 67. Kxb6 Kd7 68. c5 Kc8 69. Kc6 Kd8 70. d7 Ke7 71. Kc7 Ke6 72. d8=Q Ke5 73. Qd6+ Ke4 74. Kc6 Kf5 75. Qe7 Kf4 76. Kd5 Kf3 77. Kd4 Kg4 78. Qf6 Kg3 79. Ke3 Kg2 80. Qf4 Kh3 81. Qg5 Kh2 82. Kf2 Kh3 83. Qg3# 1-0

[Event "4NCL Online Division 5"]
[Site "online"]
[Date "2021.10.05"]
[EventDate "2021.10.05"]
[Round "4.232"]
[White "Nunn, Michael"]
[WhiteElo "1451"]
[WhiteTeam "Bude Surfers B"]
[Black "Laza, Andrei"]
[BlackElo "1230"]
[BlackTeam "Harrow 4"]
[Result "1-0"]
[PlyCount "87"]

1. e4 b6 2. d4 Bb7 3. Nc3 e6 4. a3 Be7 5. Nf3 Nf6 6. Bd3 d5 7. Qe2 Nbd7 8. e5 Ne4 9. Nxe4 dxe4 10. Bxe4 Bxe4 11. Qxe4 c5 12. d5 exd5 13. Qxd5 Nf8 14. Qc6+ Nd7 15. Bg5 O-O 16. Bxe7 Qxe7 17. O-O-O Nxe5 18. Nxe5 Qxe5 19. Qd5 Qxd5 20. Rxd5 Rad8 21. Rhd1 Rxd5 22. Rxd5 f6 23. Rd7 Rf7 24. Rd8+ Rf8 25. Rxf8+ Kxf8 26. Kd2 Ke7 27. Kd3 Kd6 28. Ke4 Ke6 29. g4 g6 30. c4 f5+ 31. gxf5+ gxf5+ 32. Kf4 h6 33. h3 Kf6 34. h4 h5 35. a4 a5 36. b3 Ke6 37. Kg5 Ke5 38. Kxh5 Kd4 39. Kg5 Kc3 40. h5 Kxb3 41. h6 Kxc4 42. h7 Kb4 43. h8=Q c4 44. Qd4 1-0

[Event "4NCL Online Division 5"]
[Site "online"]
[Date "2021.10.05"]
[EventDate "2021.10.05"]
[Round "4.233"]
[White "Cann, Arthur"]
[WhiteElo "1148"]
[WhiteTeam "Harrow 4"]
[Black "Russell, Lloyd"]
[BlackElo "1323"]
[BlackTeam "Bude Surfers B"]
[Result "0-1"]
[PlyCount "45"]

1. d4 d5 2. c4 c6 3. e3 Nf6 4. Nc3 Bg4 5. Be2 Bxe2 6. Ngxe2 e6 7. O-O Nbd7 8. Re1 Bd6 9. c5 Bc7 10. Qb3 b5 11. a4 a6 12. Bd2 O-O 13. Nc1 Qb8 14. e4 Bxh2+ 15. Kf1 Bc7 16. e5 Ne8 17. Re3 Qc8 18. Rg3 f6 19. Nd3 fxe5 20. Nxe5 Nxe5 21. dxe5 Bxe5 22. Rh3 Nf6 23. Rh5 0-1

[Event "4NCL Online Division 5"]
[Site "online"]
[Date "2021.10.05"]
[EventDate "2021.10.05"]
[Round "4.234"]
[White "Ongley, Kieran M"]
[WhiteElo "845"]
[WhiteTeam "Bude Surfers B"]
[Black "Evans, Joseph"]
[BlackElo "956"]
[BlackTeam "Harrow 4"]
[Result "1-0"]
[PlyCount "83"]

1. e4 c5 2. Nf3 Nc6 3. d4 cxd4 4. Nxd4 g6 5. Nc3 Bg7 6. Nxc6 bxc6 7. Bc4 e6 8. Be3 Ne7 9. O-O O-O 10. Qd2 d5 11. exd5 exd5 12. Bb3 Rb8 13. Rfe1 a5 14. Bf4 Ra8 15. Ba4 Ba6 16. Bg5 Re8 17. Bxc6 Rb8 18. Bxe8 Qb6 19. Rxe7 Bf6 20. Bxf6 Qxf6 21. Qe3 Kf8 22. Qe5 Qxe7 23. Qxb8 Qxe8 24. Qxe8+ Kxe8 25. Nxd5 Kf8 26. Rd1 Be2 27. Rd2 Bc4 28. b3 Bb5 29. c4 Bc6 30. Nf6 Kg7 31. Rd6 Be4 32. Nxe4 f5 33. c5 Kf7 34. c6 Ke7 35. Rd1 fxe4 36. c7 Ke6 37. c8=Q+ Ke5 38. Qe8+ Kf4 39. g3+ Kf3 40. a3 g5 41. b4 h5 42. Qxh5+ 1-0

[Event "4NCL Online Division 5"]
[Site "online"]
[Date "2021.10.05"]
[EventDate "2021.10.05"]
[Round "4.241"]
[White "Poynton, Edward"]
[WhiteElo "1519"]
[WhiteTeam "QMUL B"]
[Black "Vernon, Colin G"]
[BlackElo "1644"]
[BlackTeam "Wolfpack 2"]
[Result "0-1"]
[PlyCount "54"]

1. e4 e6 2. d4 d5 3. e5 c5 4. c3 Nc6 5. Nf3 Bd7 6. Bd3 cxd4 7. O-O Qb6 8. Re1 Nge7 9. Nbd2 dxc3 10. bxc3 Ng6 11. Nb3 Qc7 12. Nbd4 Ncxe5 13. Nxe5 Nxe5 14. Bf4 Bd6 15. Bb5 Nc4 16. Bxd7+ Qxd7 17. Nxe6 fxe6 18. Qxd5 Bxf4 19. Rxe6+ Kd8 20. Qxc4 Rc8 21. Qe4 Rc7 22. g3 Bd2 23. Rd1 Kc8 24. Rxd2 Qxd2 25. Re8+ Rxe8 26. Qxe8+ Qd8 27. Qe6+ Kb8 0-1

[Event "4NCL Online Division 5"]
[Site "online"]
[Date "2021.10.05"]
[EventDate "2021.10.05"]
[Round "4.242"]
[White "Braithwaite, Paul"]
[WhiteElo "1199"]
[WhiteTeam "Wolfpack 2"]
[Black "Camara, Pedro"]
[BlackElo "1391"]
[BlackTeam "QMUL B"]
[Result "0-1"]
[PlyCount "74"]

1. e4 e5 2. Nf3 Nc6 3. Be2 Nf6 4. Nc3 Bc5 5. h3 O-O 6. d3 h6 7. O-O d6 8. Na4 Bb6 9. Nxb6 axb6 10. c3 Re8 11. Re1 Nh7 12. d4 f5 13. exf5 Bxf5 14. dxe5 Nxe5 15. Nxe5 Rxe5 16. Bf3 Rxe1+ 17. Qxe1 c6 18. Bd2 Qf6 19. Be4 Re8 20. f3 d5 21. g4 Bg6 22. Qf2 dxe4 23. Qxb6 exf3 24. Qb3+ Bf7 25. Qc2 f2+ 26. Kf1 Bc4+ 27. Kg2 f1=Q+ 28. Rxf1 Qxf1+ 29. Kg3 Qg1+ 30. Kh4 Qf2+ 31. Kh5 Nf6+ 32. Kg6 Rd8 33. Qf5 Bd3 34. Bxh6 Bxf5+ 35. gxf5 gxh6 36. Kxf6 Qh4+ 37. Kg6 Qg5# 0-1

[Event "4NCL Online Division 5"]
[Site "online"]
[Date "2021.10.05"]
[EventDate "2021.10.05"]
[Round "4.243"]
[White "Moradmand, Bardia"]
[WhiteElo "1379"]
[WhiteTeam "QMUL B"]
[Black "Mahadevan, Rohit"]
[BlackElo "1130"]
[BlackTeam "Wolfpack 2"]
[Result "1-0"]
[PlyCount "77"]

1. e4 e5 2. Nf3 Nc6 3. Bc4 Bc5 4. O-O Nf6 5. d3 O-O 6. Re1 d5 7. exd5 Nxd5 8. Nxe5 Nxe5 9. Rxe5 Be6 10. Nd2 Qf6 11. Rxd5 Bxd5 12. Bxd5 Qxf2+ 13. Kh1 Rae8 14. Ne4 Qf5 15. Bxb7 Rd8 16. Bg5 f6 17. Bh4 Rb8 18. Nxc5 Qxc5 19. Ba6 Rxb2 20. Rc1 Rxa2 21. Bc4+ Kh8 22. Bxa2 Qd4 23. Bg3 Qb2 24. Bb3 Qd4 25. Bxc7 Re8 26. Bg3 Qe3 27. Qe1 Qxe1+ 28. Bxe1 g6 29. Bc3 Kg7 30. h3 g5 31. Ra1 Rc8 32. Rxa7+ Kg6 33. Bf7+ Kf5 34. Ra5+ Kf4 35. Bxf6 Rxc2 36. Bxg5+ Kg3 37. Bh4+ Kxh4 38. Kh2 Rc3 39. g3# 1-0

[Event "4NCL Online Division 5"]
[Site "online"]
[Date "2021.10.05"]
[EventDate "2021.10.05"]
[Round "4.251"]
[White "Roome, Gregory"]
[WhiteElo "1601"]
[WhiteTeam "Wells Globetrotters 2"]
[Black "Salkauskas, Deimantas"]
[BlackElo "1066"]
[BlackTeam "Colchester JFF C"]
[Result "1-0"]
[PlyCount "115"]

1. d4 d5 2. c4 dxc4 3. Nc3 Nf6 4. e4 c5 5. d5 e5 6. Bxc4 Bg4 7. Nge2 Bd6 8. Bg5 h6 9. Bh4 O-O 10. O-O a6 11. h3 Bh5 12. a4 Nbd7 13. Qd2 Nb6 14. Bd3 c4 15. Bc2 Be7 16. Bg3 Bb4 17. Bxe5 Re8 18. Qf4 Qe7 19. Bd4 Bxc3 20. Nxc3 Bg6 21. Bxb6 Nxe4 22. Rfe1 Qf6 23. Qe3 Nxc3 24. Qxe8+ Rxe8 25. Rxe8+ Kh7 26. Bxg6+ Kxg6 27. Bd8 Qd4 28. bxc3 Qxd5 29. Rae1 Qd2 30. Ba5 b6 31. Bxb6 Qxc3 32. a5 Qb3 33. Rc1 c3 34. Rc8 f6 35. R8xc3 Qa4 36. Rc7 Qf4 37. Re1 Qb4 38. Ree7 Kf5 39. Rxg7 Qe1+ 40. Kh2 Qe5+ 41. Rg3 h5 42. Rc5 Qxc5 43. Bxc5 Kf4 44. Rf3+ Kg5 45. Be7 Kg6 46. Rxf6+ Kg5 47. Rxa6+ Kf5 48. Rb6 Ke5 49. a6 Kd5 50. a7 Kc4 51. a8=Q Kd4 52. Qd8+ Ke5 53. Qd6+ Kf5 54. Rb5+ Ke4 55. Qb4+ Kd3 56. Qb3+ Kd4 57. Bf6+ Ke4 58. Qe3# 1-0

[Event "4NCL Online Division 5"]
[Site "online"]
[Date "2021.10.05"]
[EventDate "2021.10.05"]
[Round "4.252"]
[White "Kariyawasam, Rohan"]
[WhiteElo "993"]
[WhiteTeam "Colchester JFF C"]
[Black "Jukes, Ben"]
[BlackElo "1600"]
[BlackTeam "Wells Globetrotters 2"]
[Result "0-1"]
[PlyCount "160"]

1. d4 d5 2. Nc3 Bf5 3. Bf4 c5 4. e3 a6 5. Bd3 Bg6 6. Nf3 Nc6 7. a4 e6 8. b3 cxd4 9. exd4 Bb4 10. Qd2 Rc8 11. O-O Nce7 12. Qe3 Bxd3 13. cxd3 Rxc3 14. Rab1 Nf5 15. Qe2 Nge7 16. Bd2 Rc2 17. Rfc1 Rxc1+ 18. Rxc1 Bxd2 19. Qxd2 O-O 20. Qf4 Qb6 21. Rb1 Rc8 22. g3 Ng6 23. Rc1 Rxc1+ 24. Qxc1 h6 25. Qc3 Qc6 26. Qxc6 bxc6 27. g4 Nd6 28. Kf1 f6 29. Ke1 Nb7 30. Kd2 Kf7 31. Kc3 a5 32. b4 axb4+ 33. Kxb4 Ne7 34. a5 Nc8 35. a6 Nbd6 36. Ka5 Na7 37. Kb6 Ndc8+ 38. Ka5 Ke7 39. h4 Kd6 40. Nh2 c5 41. Nf3 cxd4 42. Nxd4 Nc6+ 43. Nxc6 Kxc6 44. f4 e5 45. fxe5 fxe5 46. Kb4 Kb6 47. Kc3 Kxa6 48. d4 e4 49. Kd2 Nd6 50. Ke3 Kb5 51. Kf4 Kc4 52. Ke5 e3 53. Kxd6 e2 54. g5 hxg5 55. hxg5 e1=Q 56. g6 Qg3+ 57. Ke7 Qxg6 58. Kf8 Qf6+ 59. Kg8 g5 60. Kh7 Kxd4 61. Kg8 Ke4 62. Kh7 g4 63. Kg8 g3 64. Kh7 g2 65. Kg8 d4 66. Kh7 d3 67. Kg8 d2 68. Kh7 d1=B 69. Kg8 Bb3+ 70. Kh7 Bg8+ 71. Kxg8 g1=Q+ 72. Kh7 Qff2 73. Kh6 Ke3 74. Kh5 Qfg3 75. Kh6 Kf2 76. Kh5 Kg2 77. Kh6 Kh2 78. Kh5 Qh1 79. Kh6 Qgg2 80. Kh5 Kg1# 0-1

[Event "4NCL Online Division 5"]
[Site "online"]
[Date "2021.10.05"]
[EventDate "2021.10.05"]
[Round "4.253"]
[White "Hayes, Solomon"]
[WhiteElo "1479"]
[WhiteTeam "Wells Globetrotters 2"]
[Black "Wilde, Grace"]
[BlackElo "991"]
[BlackTeam "Colchester JFF C"]
[Result "1-0"]
[PlyCount "79"]

1. e4 c5 2. Nf3 Nc6 3. Bb5 a6 4. Bxc6 bxc6 5. O-O g6 6. d3 Bg7 7. c3 Nf6 8. Be3 d6 9. h3 e5 10. Qd2 Be6 11. Bh6 O-O 12. Na3 Rb8 13. Bxg7 Kxg7 14. Ng5 h6 15. Nxe6+ fxe6 16. Nc4 d5 17. exd5 Qxd5 18. Rad1 Nh5 19. Qe3 Nf4 20. Qxe5+ Qxe5 21. Nxe5 Rxb2 22. Rb1 Ne2+ 23. Kh2 Rxa2 24. Rb7+ Kg8 25. Nxg6 Rf6 26. Ne7+ Kh8 27. c4 Nd4 28. f4 Rf7 29. Rfb1 Rg7 30. Kh1 Rgxg2 31. Rb8+ Kh7 32. R1b7 Rh2+ 33. Kg1 Rag2+ 34. Kf1 Rf2+ 35. Ke1 Re2+ 36. Kd1 Rd2+ 37. Kc1 Rdf2 38. Nf5+ Kg6 39. Rg8+ Kxf5 40. Rf7# 1-0

[Event "4NCL Online Division 5"]
[Site "online"]
[Date "2021.10.05"]
[EventDate "2021.10.05"]
[Round "4.254"]
[White "Ren, Jason"]
[WhiteElo "680"]
[WhiteTeam "Colchester JFF C"]
[Black "Rossi, Jonathan"]
[BlackElo "1461"]
[BlackTeam "Wells Globetrotters 2"]
[Result "0-1"]
[PlyCount "122"]

1. e4 c6 2. d4 d5 3. e5 Bf5 4. Bf4 e6 5. Nf3 c5 6. Nc3 Nc6 7. Qd2 cxd4 8. Nxd4 Nxd4 9. Qxd4 Ne7 10. O-O-O Nc6 11. Bb5 a6 12. Bxc6+ bxc6 13. Na4 c5 14. Nxc5 Qa5 15. Qa4+ Qxa4 16. Nxa4 Be7 17. f3 O-O 18. g4 Bg6 19. h4 h6 20. h5 Bh7 21. Rdg1 g5 22. hxg6 fxg6 23. Rxh6 g5 24. Be3 Rxf3 25. Rxe6 Kf7 26. Rh6 Bg6 27. e6+ Kg7 28. Bd4+ Kxh6 29. Rh1+ Bh5 30. Rxh5+ Kg6 31. Nb6 Rd8 32. Nd7 Rf4 33. Ne5+ Kg7 34. Nc6+ Rxd4 35. Nxd8 Bxd8 36. Rh3 Rxg4 37. Rf3 Rf4 38. Rxf4 gxf4 39. Kd2 Kf6 40. Ke2 Kxe6 41. Kf3 Bc7 42. b4 Be5 43. a4 Kf5 44. a5 Bc3 45. b5 axb5 46. a6 Bd4 47. c3 Bc5 48. Kg2 d4 49. cxd4 Bxd4 50. Kf1 b4 51. Ke1 b3 52. Kd1 f3 53. Kc1 f2 54. Kd1 f1=Q+ 55. Kd2 b2 56. a7 Bxa7 57. Kc3 b1=Q 58. Kd2 Qf2+ 59. Kc3 Qe4 60. Kb3 Qff3+ 61. Kb2 Qee2+ 0-1

[Event "4NCL Online Division 5"]
[Site "online"]
[Date "2021.10.05"]
[EventDate "2021.10.05"]
[Round "4.261"]
[White "Litherland, Reuben"]
[WhiteElo "1378"]
[WhiteTeam "Deaf England 2"]
[Black "Roul, Tushar"]
[BlackElo "472"]
[BlackTeam "East Kilbride Wanderers"]
[Result "1-0"]
[PlyCount "61"]

1. d4 d5 2. c4 e6 3. e3 Nf6 4. Nf3 b6 5. Nc3 Bb7 6. Bd3 Bd6 7. O-O O-O 8. Qc2 Re8 9. Re1 Nbd7 10. Nb5 Be7 11. cxd5 Nxd5 12. Bxh7+ Kh8 13. Be4 Nb4 14. Qb1 Bxe4 15. Qxe4 Nf6 16. Qb1 a6 17. Nc3 g6 18. a3 Nc6 19. b4 Bd6 20. Bb2 Kg7 21. Qd3 Rh8 22. h3 Nd5 23. Nxd5 exd5 24. e4 Ne7 25. e5 Nf5 26. exd6 Nxd6 27. Re2 Nc4 28. Rae1 Nxb2 29. Rxb2 b5 30. Rbe2 c6 31. Qe3 1-0

[Event "4NCL Online Division 5"]
[Site "online"]
[Date "2021.10.05"]
[EventDate "2021.10.05"]
[Round "4.262"]
[White "Roul, Karan"]
[WhiteElo "455"]
[WhiteTeam "East Kilbride Wanderers"]
[Black "Mullins, Steven A"]
[BlackElo "1323"]
[BlackTeam "Deaf England 2"]
[Result "1-0"]
[PlyCount "67"]

1. e4 e6 2. d4 d5 3. e5 c5 4. c3 Qb6 5. Qb3 Nc6 6. Qxb6 axb6 7. Bb5 Ne7 8. Nf3 Bd7 9. Be3 Nf5 10. g4 Nxe3 11. fxe3 Be7 12. Nbd2 O-O 13. a3 Nb8 14. Bxd7 Nxd7 15. O-O-O b5 16. b4 cxb4 17. axb4 Ra3 18. Kb2 Rfa8 19. Ra1 R3a4 20. Rxa4 bxa4 21. Ra1 b5 22. h4 Nb6 23. g5 Nc4+ 24. Nxc4 dxc4 25. e4 Rd8 26. Rd1 Rd7 27. d5 exd5 28. exd5 Bd8 29. d6 Bb6 30. Rd5 f6 31. e6 Rd8 32. e7 Re8 33. Rxb5 Be3 34. d7 1-0

[Event "4NCL Online Division 5"]
[Site "online"]
[Date "2021.10.05"]
[EventDate "2021.10.05"]
[Round "4.263"]
[White "Masterson, Desmond"]
[WhiteElo "1001"]
[WhiteTeam "Deaf England 2"]
[Black "Verma, Abhi"]
[BlackElo "380"]
[BlackTeam "East Kilbride Wanderers"]
[Result "0-1"]
[PlyCount "26"]

1. e4 c5 2. Nf3 e6 3. d4 cxd4 4. Nxd4 Nf6 5. Bd3 Nc6 6. Nxc6 bxc6 7. Bg5 h6 8. Bh4 d5 9. e5 Qb6 10. b3 Qb4+ 11. Qd2 Qxh4 12. exf6 Qxf6 13. Nc3 Bb4 0-1

[Event "4NCL Online Division 5"]
[Site "online"]
[Date "2021.10.05"]
[EventDate "2021.10.05"]
[Round "4.271"]
[White "Morton, Samuel"]
[WhiteElo "1300"]
[WhiteTeam "Uxbridge E"]
[Black "Sugden, Freddie"]
[BlackElo "1831"]
[BlackTeam "Hackney Spice Boys"]
[Result "0-1"]
[PlyCount "54"]

1. e4 e5 2. Nf3 Nc6 3. Bc4 Nf6 4. d4 exd4 5. Nxd4 Nxe4 6. Nxc6 bxc6 7. O-O Bc5 8. Re1 Bxf2+ 9. Kh1 Bxe1 10. Qxe1 d5 11. Bd3 Bf5 12. Nd2 Qe7 13. Nxe4 Bxe4 14. Bd2 O-O 15. Qg3 Bxd3 16. cxd3 Qd6 17. Bf4 Qb4 18. Be5 f6 19. Bc3 Qd6 20. Qg4 c5 21. Bd2 Rab8 22. Bh6 Rf7 23. Re1 Kf8 24. Re6 Qd7 25. Bxg7+ Rxg7 26. Rxf6+ Ke8 27. Rf8+ Kxf8 0-1

[Event "4NCL Online Division 5"]
[Site "online"]
[Date "2021.10.05"]
[EventDate "2021.10.05"]
[Round "4.272"]
[White "Morgan, Marc"]
[WhiteElo "1625"]
[WhiteTeam "Hackney Spice Boys"]
[Black "Aggarwal, Jai"]
[BlackElo "1301"]
[BlackTeam "Uxbridge E"]
[Result "1-0"]
[PlyCount "45"]

1. e4 e5 2. Nf3 Nc6 3. a3 Bc5 4. d3 h6 5. Be2 Nf6 6. b4 Bd4 7. c3 Bb6 8. O-O d5 9. Qc2 dxe4 10. dxe4 Bg4 11. Nbd2 Ne7 12. Bb2 h5 13. c4 Ng6 14. c5 h4 15. cxb6 h3 16. g3 cxb6 17. Bb5+ Bd7 18. Bxd7+ Qxd7 19. Nxe5 Qe6 20. Nxg6 fxg6 21. e5 Rh4 22. exf6 gxf6 23. Rae1 1-0

[Event "4NCL Online Division 5"]
[Site "online"]
[Date "2021.10.05"]
[EventDate "2021.10.05"]
[Round "4.273"]
[White "Mangalagiri, Pranav"]
[WhiteElo "1232"]
[WhiteTeam "Uxbridge E"]
[Black "Nabijou, Kayvon"]
[BlackElo "1582"]
[BlackTeam "Hackney Spice Boys"]
[Result "1-0"]
[PlyCount "41"]

1. e4 c5 2. Nf3 d6 3. Bc4 e6 4. O-O Nc6 5. d4 cxd4 6. Nxd4 Be7 7. Nc3 Bf6 8. Bb5 Ne7 9. Nxc6 bxc6 10. Ba4 O-O 11. Bd2 Rb8 12. Bb3 Qc7 13. Re1 d5 14. exd5 exd5 15. Qf3 Ng6 16. Na4 Ne5 17. Qg3 g5 18. Bxg5 Bxg5 19. Rxe5 f5 20. Qxg5+ Kh8 21. Re7 1-0

[Event "4NCL Online Division 5"]
[Site "online"]
[Date "2021.10.05"]
[EventDate "2021.10.05"]
[Round "4.274"]
[White "Wouters, Olivier"]
[WhiteElo "1347"]
[WhiteTeam "Hackney Spice Boys"]
[Black "Peddireddi, Satya"]
[BlackElo "1035"]
[BlackTeam "Uxbridge E"]
[Result "1-0"]
[PlyCount "85"]

1. d4 f6 2. e4 d6 3. Nf3 a6 4. c4 Bg4 5. Be2 Nd7 6. Nc3 Be6 7. b3 c6 8. O-O h5 9. Nh4 Bf7 10. Be3 Qa5 11. Bd2 Qc7 12. Qc2 g6 13. Rad1 Bh6 14. d5 c5 15. Rfe1 Bxd2 16. Qxd2 Nh6 17. h3 Ne5 18. Bf1 O-O-O 19. Re3 Be8 20. Rb1 Bd7 21. Nf3 Rhf8 22. Nxe5 fxe5 23. b4 Rf6 24. bxc5 Rdf8 25. Nd1 Qxc5 26. Reb3 Kd8 27. Rxb7 Bc8 28. R7b2 Rf4 29. g3 R4f6 30. Qxh6 Qd4 31. Qe3 Qxe3 32. Nxe3 Kc7 33. Kg2 a5 34. a4 Kd7 35. Rc2 Ke8 36. Rb5 Rh8 37. Rxa5 Rf7 38. Ra8 Kd7 39. c5 dxc5 40. Rxc5 Rd8 41. Bb5+ Kd6 42. Rcxc8 Rxc8 43. Rxc8 1-0

[Event "4NCL Online Division 5"]
[Site "online"]
[Date "2021.10.19"]
[EventDate "2021.10.19"]
[Round "5.11"]
[White "Coathup, Roger H"]
[WhiteElo "2192"]
[WhiteTeam "Morpeth"]
[Black "Pantazopoulos, Stavros"]
[BlackElo "2184"]
[BlackTeam "Hebden Bridge 1"]
[Result "1/2-1/2"]
[PlyCount "100"]

1. Nf3 c5 2. c4 Nc6 3. e3 Nf6 4. Nc3 e6 5. b3 d5 6. cxd5 exd5 7. d4 cxd4 8. Nxd4 Bb4 9. Bb2 O-O 10. Be2 Ne4 11. Rc1 Qa5 12. Qd3 Ne5 13. Qc2 Bd7 14. a3 Bxc3+ 15. Bxc3 Qxa3 16. Qb2 Qe7 17. O-O Nxc3 18. Rxc3 Rac8 19. Rd1 Rxc3 20. Qxc3 Rc8 21. Qa1 Qc5 22. h3 a6 23. Qb1 g6 24. Qa1 Qc3 25. Qa3 Qc5 26. Qa1 a5 27. Nf3 Nxf3+ 28. Bxf3 Be6 29. Qd4 Qxd4 30. Rxd4 Rc5 31. b4 Rc1+ 32. Kh2 Rc4 33. bxa5 Rc5 34. Rb4 Rxa5 35. Rxb7 Kg7 36. Kg3 Ra4 37. Rb8 d4 38. exd4 Rxd4 39. h4 h5 40. Rb7 Rd3 41. Rb4 Bd5 42. Rf4 f5 43. Kh2 Bxf3 44. gxf3 Kf6 45. Kg3 Rd1 46. Ra4 Rg1+ 47. Kh2 Re1 48. Kg3 Rg1+ 49. Kh2 Re1 50. Kg3 Rg1+ 1/2-1/2

[Event "4NCL Online Division 5"]
[Site "online"]
[Date "2021.10.19"]
[EventDate "2021.10.19"]
[Round "5.12"]
[White "Cook, Philip"]
[WhiteElo "2149"]
[WhiteTeam "Hebden Bridge 1"]
[Black "Eastlake, Phil"]
[BlackElo "1875"]
[BlackTeam "Morpeth"]
[Result "1/2-1/2"]
[PlyCount "64"]

1. d4 d5 2. Nf3 Nf6 3. g3 g6 4. Bg2 Bg7 5. O-O O-O 6. c4 c6 7. b3 Nbd7 8. Bb2 b6 9. Nbd2 Bb7 10. Qc2 Rc8 11. e4 dxe4 12. Nxe4 Nxe4 13. Qxe4 e6 14. Rad1 Qc7 15. Qe2 Rfe8 16. Rfe1 Rcd8 17. Ne5 Nxe5 18. dxe5 c5 19. Bxb7 Qxb7 20. Rd6 Qc7 21. Red1 Bf8 22. R6d3 Be7 23. h4 Rxd3 24. Rxd3 Rd8 25. Bc3 Rxd3 26. Qxd3 Qc6 27. a4 a5 28. Bd2 Kg7 29. Bc3 Qb7 30. Bd2 Qc6 31. Bc3 Qb7 32. Bd2 Qc6 1/2-1/2

[Event "4NCL Online Division 5"]
[Site "online"]
[Date "2021.10.19"]
[EventDate "2021.10.19"]
[Round "5.13"]
[White "Symonds, Richard H"]
[WhiteElo "1958"]
[WhiteTeam "Morpeth"]
[Black "Eagleton, Greg T"]
[BlackElo "2065"]
[BlackTeam "Hebden Bridge 1"]
[Result "1/2-1/2"]
[PlyCount "124"]

1. d4 Nf6 2. Nc3 d6 3. e4 g6 4. Be2 Bg7 5. h4 h5 6. Bg5 Nbd7 7. Qd2 c5 8. Nf3 cxd4 9. Nxd4 a6 10. O-O-O Nc5 11. f3 Bd7 12. Kb1 b5 13. Rhe1 Rc8 14. Bf1 Ne6 15. Nxe6 Bxe6 16. e5 dxe5 17. Qxd8+ Rxd8 18. Rxd8+ Kxd8 19. a4 b4 20. Na2 a5 21. Rxe5 Nd5 22. Re1 Kc7 23. Nc1 Re8 24. Nb3 Bd7 25. Bc4 e6 26. Nxa5 Bxa4 27. Bb3 Bxb3 28. Nxb3 Kc6 29. Be3 Bf6 30. Bf2 Rc8 31. Re4 Kb5 32. Nd4+ Bxd4 33. Rxd4 Rc4 34. g3 Rxd4 35. Bxd4 Kc4 36. Bf2 b3 37. Kc1 Nb4 38. cxb3+ Kxb3 39. Bd4 Nd3+ 40. Kd2 Nxb2 41. Ke3 Nc4+ 42. Kf4 Kc2 43. g4 Kd3 44. gxh5 gxh5 45. Bf6 Ke2 46. Kg5 Kxf3 47. Kxh5 Nd6 48. Be5 Nf5 49. Kg5 Ke4 50. Bb8 Nxh4 51. Kxh4 f5 52. Kg3 e5 53. Kf2 f4 54. Bc7 Kf5 55. Ke2 e4 56. Bxf4 Kxf4 57. Kf2 e3+ 58. Ke1 Ke4 59. Ke2 Kd4 60. Ke1 Kd3 61. Kd1 e2+ 62. Ke1 Ke3 1/2-1/2

[Event "4NCL Online Division 5"]
[Site "online"]
[Date "2021.10.19"]
[EventDate "2021.10.19"]
[Round "5.14"]
[White "Clarkson, Andrew"]
[WhiteElo "2051"]
[WhiteTeam "Hebden Bridge 1"]
[Black "Turner, James"]
[BlackElo "1953"]
[BlackTeam "Morpeth"]
[Result "1-0"]
[PlyCount "77"]

1. e4 c5 2. Nf3 Nc6 3. d4 cxd4 4. Nxd4 e5 5. Nb5 d6 6. c4 Be7 7. N1c3 a6 8. Na3 Be6 9. Be2 Nd4 10. Be3 Nxe2 11. Qxe2 Rc8 12. O-O Nf6 13. f3 O-O 14. Rac1 Nh5 15. Qd2 Nf4 16. Nd5 Bxd5 17. cxd5 Rxc1 18. Rxc1 f5 19. Nb1 fxe4 20. fxe4 Bg5 21. Nc3 Qd7 22. Rf1 Qg4 23. Rf3 Rf6 24. a4 Rg6 25. Rg3 Qh5 26. h3 Rf6 27. b4 Qh4 28. Kh2 Rh6 29. b5 axb5 30. axb5 Rg6 31. Rg4 Qh6 32. Nd1 Bf6 33. Rxg6 Qxg6 34. g3 Nh5 35. Qg2 Bg5 36. h4 Bxe3 37. Nxe3 Nf6 38. Nf5 Nd7 39. Ne7+ 1-0

[Event "4NCL Online Division 5"]
[Site "online"]
[Date "2021.10.19"]
[EventDate "2021.10.19"]
[Round "5.21"]
[White "Kafetzopoulos, Anastasis"]
[WhiteElo "1995"]
[WhiteTeam "QMUL A"]
[Black "Mayer, Daniel H"]
[BlackElo "1984"]
[BlackTeam "Charlton Cobras B"]
[Result "1/2-1/2"]
[PlyCount "132"]

1. d4 Nf6 2. c4 c5 3. d5 b5 4. cxb5 a6 5. bxa6 Bxa6 6. Nc3 d6 7. Nf3 g6 8. g3 Bg7 9. Bg2 O-O 10. O-O Nbd7 11. Rb1 Qa5 12. Qc2 Nb6 13. Rd1 Nfd7 14. a3 Nc4 15. b4 Nxa3 16. Bxa3 Qxa3 17. Rb3 Bxe2 18. Nxe2 Qa4 19. Nc3 Bxc3 20. Qxc3 Rab8 21. Rdb1 Rfc8 22. b5 Rb6 23. Ra1 Qg4 24. h3 Qf5 25. Nd4 Qf6 26. Nc6 Qxc3 27. Rxc3 Kf8 28. Rca3 Rc7 29. Ra7 Rxa7 30. Rxa7 Ne5 31. Ra8+ Kg7 32. Rb8 Nd7 33. Rxb6 Nxb6 34. Nxe7 f5 35. f4 Kf7 36. Nc6 Ke8 37. Kf2 Kd7 38. Ke2 Kc7 39. Kd3 Nd7 40. Na5 Nf6 41. Ke3 Nh5 42. Kf2 Nf6 43. Nc4 Ne8 44. g4 fxg4 45. hxg4 h6 46. Kg3 g5 47. f5 Nf6 48. b6+ Kb7 49. Bf3 Ne8 50. Bd1 Nf6 51. Bc2 Ka6 52. b7 Kxb7 53. Nxd6+ Kc7 54. Nf7 Nxd5 55. Nxh6 c4 56. Nf7 Ne3 57. Be4 c3 58. Nxg5 c2 59. Bxc2 Nxc2 60. Ne6+ Kd6 61. Kf4 Ne1 62. Kg5 Ke5 63. Kg6 Nf3 64. Ng5 Nh4+ 65. Kg7 Nxf5+ 66. gxf5 Kxf5 1/2-1/2